00920 a2200169 45000010006000000050017000060080041000230030015000640400040000790800140001192450067002592640126003263000019004525050237004711000019007087000023007275942220260407155848.0260407a1974 arg spa dAR-UNSa-BCEJYS aAR-UNSa-BCEJYSbspacAR-UNSa-BCEJYS a338.2(8)xPolítica económica. Control de la economía. gestión de la economía. planificación económica en América Latina10aEl desarrollo científico y tecnológico de América Latina 1aBuenos Aires :bBID/INTAL (Banco Interamericano de Desarrollo. Instituto para la integración de América Latina)c1974 a203 p.c22 cm. a1. Diagnóstico de la situación en ciencia y tecnología en América Latina - 2. Bases para el desarrollo científico y tecnológico de América Latina - 3. Estructuras para la cooperación internacional en América Latina1 aSagasti, F. R.1 aGuerrero, Mauricio